Ideas para construir mejores marcas : tips, parábolas y reflexiones para líderes del mercado /

Gespeichert in:
Bibliographische Detailangaben
1. Verfasser: Gorman, Allan (autor)
Format: Buch
Sprache:Spanisch
Veröffentlicht: México : Panorama, 2006, c2006
Schlagworte:
Tags: Tag hinzufügen
Keine Tags, Fügen Sie das erste Tag hinzu!

MARC

LEADER 00000nam^a2200000^a^4500
001 000189703
005 20250521000000.0
009 20260310102422.413
020 |a 968-38-1498-0 
037 |a Acervo ITESO - Biblioteca 
041 |a ESP 
082 |a 658. 827  |b GOR 
100 |a Gorman, Allan  |e (autor) 
245 1 0 |a Ideas para construir mejores marcas :  |b tips, parábolas y reflexiones para líderes del mercado /  |c A. Gorman ; tr. por Alejandra Medrano. 
264 4 |a México :  |b Panorama,  |c 2006, c2006 
300 |a 115 p. 
336 |a texto  |b txt  |2 rdacontenido 
337 |a sin mediación  |b n  |2 rdamedio 
338 |a volumen  |b nc  |2 rdasoporte 
500 |a Traducción de: Briefs for Building Better Brands: Tips, Parables and Insights for Market Leaders 
649 |a XX 
650 |a Marcas (Mercadotecnia) -  |x Tema Principal 
650 |a Persuasión del Consumidor 
650 |a Identidad Corporativa 
650 |a Mercadotecnia 
650 |a Ciencias Administrativas 
910 |a Fondo General 
920 |a Impresos - Libros 
930 |a Colección General 
905 |a 101 
901 |a 0500132575  |b IT1  |c ACC  |u 20250521 
902 |a https://opac.biblio.iteso.mx/vufind/Record/000189703